000 00342nam a22001457a 4500
003 macl
005 20180526145033.0
008 180526b xxu||||| |||| 00| 0 eng d
040 _cMACL
100 _aKumar Santosh
_9654
245 _aFood Science and Nutrition
260 _aDelhi
_bPrabha
_c2014
650 _aFood
_972613
942 _2ddc
_cBK
999 _c58133
_d58133